00474nam a2200193 a 4500001001300000003000900013005001700022008004100039020001000080082001500090100002100105245002300126260002900149300000900178500003500187505001700222650002000239700002100259nice12345678IN_TiNIC20260116011252.0050524s1944 lona grp 000 0 eng  ac10000a297.2bBRO aBrowne, Laurence aProspects of Islam aLondonbScm Press c1944 a123p aincludes index and biblioraphy2 aIndex, Illus aIslam-Doctrines1 aBrowne, Laurence